UBT Library

Biology: (Record no. 2343)

000 -LEADER
fixed length control field 00269nam a22001217a 4500
008 - FIXED-LENGTH DATA ELEMENTS--GENERAL INFORMATION
fixed length control field 160521b xxu||||| |||| 00| 0 eng d
020 ## - INTERNATIONAL STANDARD BOOK NUMBER
International Standard Book Number 9780805366242
020 ## - INTERNATIONAL STANDARD BOOK NUMBER
International Standard Book Number 0805366245
041 ## - LANGUAGE CODE
Language code of text/sound track or separate title eng
080 ## - UNIVERSAL DECIMAL CLASSIFICATION NUMBER
Universal Decimal Classification number 579
245 ## - TITLE STATEMENT
Title Biology:
Statement of responsibility, etc Campbell Reece;
942 ## - ADDED ENTRY ELEMENTS (KOHA)
Source of classification or shelving scheme
Item type Books
Holdings
Withdrawn status Lost status Source of classification or shelving scheme Damaged status Not for loan Collection code Permanent location Current location Shelving location Date acquired Total Checkouts Full call number Barcode Date last seen Price effective from Koha item type
          Koleksioni i përgjithshem UBT - Lipjan UBT - Lipjan Koleksioni i përgjithshem 05/21/2016   579 REEC 002-280506 05/21/2016 05/21/2016 Books
          Koleksioni i përgjithshem UBT - Lipjan UBT - Lipjan Koleksioni i përgjithshem 05/21/2016   579 REEC 002-035671 04/18/2017 05/21/2016 Books
          Koleksioni i përgjithshem UBT - Lipjan UBT - Lipjan Koleksioni i përgjithshem 10/01/2018   573 REE 002-3013674 10/01/2018 10/01/2018 Books
          Koleksioni i përgjithshem UBT - Lipjan UBT - Lipjan Koleksioni i përgjithshem 10/15/2018   579 REE 002-3014900 10/15/2018 10/15/2018 Books
          Koleksioni i përgjithshem UBT - Lipjan UBT - Lipjan   06/14/2023   573REE 002-800080591 06/14/2023 06/14/2023 Books
UBT Library © 2015-2024. All rights reserved University Education for Business and Technology